Datum a čas kvízu

37 Celkem bodů Celkový počet nahraných bodů na tomto kvízu bez doplňovacích otázek.
8. Pořadí na kvízu Konečné umístění týmu na tomto kvízu.

Zaznamenané odpovědi

# Otázka Odpověď Body Výsledky
1. Ministr dopravy Vladimír Kreml... Francie 1
2. Senát jednoho státu na jihu US... Alabama 1
3. Anglická herečka Bella Ramseyo... Lyanna Mormontová 0
4. Čínská společnost Xiaomi přišl... v automatu 1
5. Jakub Voráček se stal druhým h... Matěj 1
6. Kolik mandátů připadá v Evrops... 21 mandátů (Uznáváme tedy 20 až 22.) 1
7. Jak se jmenuje německý politik... Martin Schulz 1
8. Přiřaďte lídry kandidátek k je... 1A 2D 3C 4B 1
9. Ve francouzském Štrasburku síd... Rada Evropy 0
10. Jedenatřicetiletý kandidát nov... Tinder 1